Statystyki dla Flagi państw poniżej 100 tysięcy mieszkańców

Kliknij tutaj aby rozwiązać quiz!

Ogólne statystyki

  • Ten quiz został rozwiązany 229 razy
  • Średni wynik to 11 z 13

Statystyki odpowiedzi

Odpowiedź% Poprawnych
Watykan
99%
Monako
96%
San Marino
96%
Liechtenstein
94%
Andora
90%
Dominika
82%
Palau
80%
Seszele
79%
Nauru
74%
Wyspy Marshalla
73%
Tuvalu
71%
Antigua i Barbuda
68%
Saint Kitts i Nevis
65%

Rozkład punktacji

Percentyl według liczby udzielonych odpowiedzi

Procent ludzi z każdym wynikiem

Twoja historia wyników

Nie rozwiązałeś tego quizu